Guía para el análisis de estabilidad y determinación de sistemas estructurales y casos prácticos de modelaje de vínculos de rigidez finita
Tallennettuna:
| Päätekijä: | |
|---|---|
| Aineistotyyppi: | Kirja |
| Julkaistu: |
[San José], Costa Rica
2009
|
| Aiheet: | |
| Tagit: |
Lisää tagi
Ei tageja, Lisää ensimmäinen tagi!
|
MARC
| LEADER | 00000nam a2200000Ia 4500 | ||
|---|---|---|---|
| 003 | 001543 | ||
| 005 | 20221231144041.0 | ||
| 008 | 140114s2009 xx a 000 ||s d | ||
| 040 | |c cru CEDI | ||
| 090 | |a TFG 6057 | ||
| 100 | |a Romero Lores, Rodrigo |9 3333 | ||
| 245 | |a Guía para el análisis de estabilidad y determinación de sistemas estructurales y casos prácticos de modelaje de vínculos de rigidez finita | ||
| 260 | |c 2009 |b [San José], Costa Rica | ||
| 500 | |a Tesis (licenciatura en ingeniería civil)--Universidad de Costa Rica. Facultad de Ingeniería. Escuela de Ingeniería Civil | ||
| 650 | |x ANALISIS ESTRUCTURAL (INGENIERIA) |x ESTABILIDAD DE ESTRUCTURAS |x INGENIERÍA DE ESTRUCTURAS |x ESTATICA |x CINEMATICA |9 3334 | ||
| 942 | |c TFG | ||
| 999 | |c 16163 |d 16163 | ||
